Mothers-in-law can be fun. (Record no. 14689)

000 -LEADER
fixed length control field 00575nam a2200193 a 4500
001 - CONTROL NUMBER
control field :::00012522$&:&@@
003 - CONTROL NUMBER IDENTIFIER
control field OkBaRHE
005 - DATE AND TIME OF LATEST TRANSACTION
control field 20110517215329.0
008 - FIXED-LENGTH DATA ELEMENTS--GENERAL INFORMATION
fixed length control field s1981 j 000 0 eng u
040 ## - CATALOGING SOURCE
Transcribing agency
100 1# - MAIN ENTRY--PERSONAL NAME
Personal name Beardsley, Lou.
245 10 - TITLE STATEMENT
Title Mothers-in-law can be fun.
260 ## - PUBLICATION, DISTRIBUTION, ETC. (IMPRINT)
Place of publication, distribution, etc Eugene, OR., :
Name of publisher, distributor, etc Harvest House
Date of publication, distribution, etc c1981
300 ## - PHYSICAL DESCRIPTION
Extent 142 p. ;
Dimensions 21 cm.
650 ## - SUBJECT ADDED ENTRY--TOPICAL TERM
Topical term or geographic name as entry element Family
650 ## - SUBJECT ADDED ENTRY--TOPICAL TERM
Topical term or geographic name as entry element Mothers-in-law
942 ## - ADDED ENTRY ELEMENTS (KOHA)
Source of classification or shelving scheme
Koha item type Books
Copies
Withdrawn status Shelving location Koha item type Date acquired Source of classification or shelving scheme Full call number Not for loan Damaged status Lost status Permanent Location Date last seen Price effective from Copy number Current Location Barcode
 General StacksBooks2010-04-14 HQ 744 .B4   RHEMA Bible Training College2011-05-172010-04-141RHEMA Bible Training College12522